Responses for Show #3759 - Thursday, December 28, 2000

2000 Holiday Kids Week game 4.

Contestants

[<< previous game]

Matthew Cohn, a 12-year-old from Sunrise, Florida

Jennifer Gilbert, an 11-year-old from Fairfax, Virginia

William Coats, a 12-year-old from Ada, Oklahoma

[next game >>]

Jeopardy! Round responses

YOUNG GEORGE WASHINGTON
BASEBALL
THE HUMAN BODY
PLAYTIME
MOUNTAINS
BEVERAGES
    $100 12
cherry tree

William
    $100 1
Sammy Sosa

Jennifer
    $100 6
belly button

Matthew
    $100 7
chess

Jennifer
    $100 22
Pikes Peak

William
    $100 17
Coca-Cola/Coke

Matthew
    $200 23
the Potomac

Jennifer
    $200 2
Houston

Jennifer
    $200 8
Adam's apple

William
    $200 13
poker

Jennifer
    $200 25
Grandfather Mountain

William
    $200 18
orange juice

Matthew
    $300 24
(Jennifer: What is map making?)
(William: What is cartography?)
(Matthew: What is landscaping?)

surveying

WilliamJenniferMatthew
Triple Stumper
    $300 3
Colorado Rockies

William
    $500 9
muscles

William
    $300 14
tic-tac-toe

Matthew
    $300 28
white

Jennifer
    $300 19
Kool-Aid

Jennifer
    $400 26
(Matthew: What is a stepfather?)
(William: What is a stepbrother?)

half-brother

WilliamJenniferMatthew
    $400 4
Cal Ripken Jr.

William
    $400 10
(Jennifer: What are...[time]?)

molars

WilliamJennifer
    $400 15
horseshoes

Matthew
    $400 29
Monticello

William
    $400 20
Pepsi

Jennifer
    $500 27
(William: What is Lake Ontario?)

Lake Erie

William
Triple Stumper
    $500 5
Alex Rodriguez

William
    $500 11
cones

Triple Stumper
    $500 16
dice

Jennifer
    $500 30
(William: What is Texas?)

Georgia

William
Triple Stumper
    $500 21
Nestle

William

Scores at the first commercial break (after clue 15):

William Jennifer Matthew
$2,400 $200 $800

Scores at the end of the Jeopardy! Round:

William Jennifer Matthew
$1,900 $2,000 $400

Double Jeopardy! Round responses

FUN WITH OPERA
WORLD CAPITALS
FANTASTIC CRITTERS
CHARACTERS IN BOOKS
COLORS
(Alex: We'll give you some different shades, you have to give us the color.)
PLAYING WITH FIRE
    $200 26
dragons

Jennifer
    $200 6
Ottawa

William
    $200 13
pandas

Jennifer
    $200 11
"Little Women"

Matthew
    $200 1
blue

Matthew
    $200 21
(Jennifer: What is ash?)

charcoal

Jennifer
Triple Stumper
    $400 27
Wolfgang Mozart

Matthew
    $400 7
Poland

William
    $400 14
walruses

William
    $400 12
Huckleberry Finn

William
    $400 2
green

Matthew
    $400 22
glass

Matthew
    $600 28
The Barber of Seville

William
    $600 8
Colombia

William
    $600 18
(William: What is an octopus?)

squid

WilliamMatthew
    $600 15
Fudge

William
    $600 3
yellow

Jennifer
    $800 23
steel

Matthew
    $800 29
Andrew Lloyd Webber

Matthew
    $800 9
Lebanon

William
    $800 19
scorpion

Matthew
    $800 16
(Matthew: Who is Pippi Longstocking?)

Eloise

Matthew
Triple Stumper
    $800 4
gray

Jennifer
    $800 24
(Jennifer: What are rinds?)
(Matthew: What is bacon?)

ham

WilliamJenniferMatthew
    $1000 30
Tchaikovsky

Jennifer
    $1,000 10
the Bahamas

William
    $1000 20
koala bear

Jennifer
    $1000 17
Long John Silver

William
    $1000 5
brown

William
    $1000 25
(Matthew: What is hydrodynamic?)
(William: What is hydroelectric?)

a steam engine

WilliamMatthew
Triple Stumper

Scores at the end of the Double Jeopardy! Round:

William Jennifer Matthew
$8,100 $4,800 $2,400

[wagering suggestions for these scores]

Final Jeopardy! Round responses

TOY SAFETY
[Alex reads "P.I.R.G." as "Public Interest Research Group".]
(Alex: What are [*]? A lot of kids tend to choke on them.)
MatthewWhat is confetti?
$1,900
JenniferWhat is Crepe Paper?
$4,800
WilliamWhat are streamers
$1,500
balloons

Final scores:

William Jennifer Matthew
$6,600 $0 $500
Winner: $6,600 + a trip for 4 to the Hilton Hawaiian Village, Oahu, Hawaii 3rd place: MyPoints.com gift certificate + a trip for 4 to the Hilton Hawaiian Village, Oahu, Hawaii 2nd place: MyPoints.com gift certificate + a trip for 4 to the Hilton Hawaiian Village, Oahu, Hawaii

Game dynamics:

Coryat scores:

William Jennifer Matthew
$7,900 $4,800 $2,200
23 R
(including 2 DDs),
6 W
16 R,
4 W
14 R
(including 1 DD),
5 W

Combined Coryat: $14,900

[game clues] [game scores] [suggest correction]

Game tape date: 2000-08-09
The J! Archive is created by fans, for fans. Scraping, republication, monetization, and malicious use prohibited; this site may use cookies and collect identifying information. See terms. The Jeopardy! game show and all elements thereof, including but not limited to copyright and trademark thereto, are the property of Jeopardy Productions, Inc. and are protected under law. This website is not affiliated with, sponsored by, or operated by Jeopardy Productions, Inc. Join the discussion at JBoard.tv.